000 00462nam a22001817a 4500
003 DO-SdBNP
005 20220127082235.0
007 ta
008 210625e2017 dr a|||grc||| 001 0 spa d
040 _aDO-SdBNP
_bspa
_cBNPHU
082 4 _bC357A
_222
245 0 0 _aCatálogo obras de Avelino Stanley /
260 _aSanto Domingo :
_bSantuario,
_c2017.
300 _a[23 p.]:
_bil. ;
_c23 cm.
590 _aInventariado, 2021/MF
910 _aMF
942 _2ddc
_cLF2
999 _c50003
_d50003